Statistics for Biggest islands in the Mediterranean

Click here to take the quiz!

General Stats

  • This quiz has been taken 45 times
    (11 since last reset)
  • The average score is 29 of 53

Answer Stats

AreaCountryAnswer% Correct
8,681 kmFranceCorsica
100%
8,312 kmGreeceCrete
100%
9,251 km-----------Cyprus
100%
24,100 kmItalySardinia
100%
25,834 kmItalySicily
100%
592 kmGreeceCorfu
90%
577 kmSpainIbiza
90%
781 kmGreeceKefalonia
90%
1,630 kmGreeceLesbos
90%
3,640 kmSpainMajorca
90%
246 km-----------Malta
90%
694 kmSpainMinorca
90%
428 kmGreeceNaxos
90%
1,398 kmGreeceRhodes
90%
842 kmGreeceChios
80%
3,655 kmGreeceEuboea
80%
290 kmGreeceKos
80%
476 kmGreeceSamos
80%
406 kmGreeceZakynthos
80%
303 kmGreeceLefkada
70%
379 kmGreeceThasos
70%
380 kmGreeceAndros
60%
224 kmItalyElba
60%
476 kmGreeceLemnos
60%
160 kmGreeceMilos
60%
196 kmGreeceParos
60%
194 kmGreeceTinos
60%
523 kmTunisiaDjerba
50%
111 kmGreeceKalymnos
50%
301 kmGreeceKarpathos
50%
405.78 kmCroatiaKrk
50%
299.66 kmCroatiaHvar
40%
109 kmGreeceIos
40%
129 kmGreeceKea
40%
209 kmGreeceSkyros
40%
121 kmGreeceAmorgos
30%
394.57 kmCroatiaBrač
30%
100 kmGreeceKythnos
30%
178 kmGreeceSamothrace
30%
97 kmGreeceAstypalaia
20%
405.78 kmCroatiaCres
20%
278 kmGreeceCythera
20%
255 kmGreeceIcaria
20%
96 kmGreeceIthaca
20%
284.56 kmCroatiaPag
20%
95.5 kmGreeceSkopelos
20%
279 kmTurkeyGökçeada
10%
276.03 kmCroatiaKorčula
10%
109 kmItalySant'Antioco
10%
110 kmTunisiaChergui
0%
114.44 kmCroatiaDugi Otok
0%
117 kmTurkeyMarmara
0%
100.41 kmCroatiaMljet
0%

Score Distribution

Percentile by Number Answered

Percent of People with Each Score

Your Score History

You have not taken this quiz since the last reset